<?xml version="1.0" encoding="UTF-8"?>
<collection xmlns="http://www.loc.gov/MARC21/slim">
 <record>
  <leader>00675nam a22001935a 4500</leader>
  <controlfield tag="001">EEA.libagro004293</controlfield>
  <controlfield tag="005">20190314115829.0</controlfield>
  <controlfield tag="008">130809s1985####cr#a##########000#0#spa#d</controlfield>
  <datafield tag="020" ind1=" " ind2=" ">
   <subfield code="a">9290390433</subfield>
  </datafield>
  <datafield tag="082" ind1="0" ind2="4">
   <subfield code="a">634.3</subfield>
  </datafield>
  <datafield tag="100" ind1="1" ind2=" ">
   <subfield code="a">Morin, Charles.</subfield>
  </datafield>
  <datafield tag="245" ind1="1" ind2="0">
   <subfield code="a">Cultivo de cítricos /</subfield>
   <subfield code="c">por Charles Morin.</subfield>
  </datafield>
  <datafield tag="250" ind1=" " ind2=" ">
   <subfield code="a">2a ed.</subfield>
  </datafield>
  <datafield tag="260" ind1=" " ind2=" ">
   <subfield code="a">San José, Costa Rica :</subfield>
   <subfield code="b">IICA,</subfield>
   <subfield code="c">1985.</subfield>
  </datafield>
  <datafield tag="300" ind1=" " ind2=" ">
   <subfield code="a">608 p. :</subfield>
   <subfield code="b">il. ;</subfield>
   <subfield code="c">23 cm.</subfield>
  </datafield>
  <datafield tag="490" ind1="1" ind2=" ">
   <subfield code="a">Serie de libros y materiales educativos ;</subfield>
   <subfield code="v">nº 39</subfield>
  </datafield>
  <datafield tag="710" ind1="2" ind2=" ">
   <subfield code="a">Instituto Interamericano de Cooperación para la Agricultura.</subfield>
  </datafield>
  <datafield tag="810" ind1="2" ind2=" ">
   <subfield code="a">IICA.</subfield>
   <subfield code="t">Serie de libros y materiales educativos</subfield>
   <subfield code="v">nº 39</subfield>
  </datafield>
  <datafield tag="859" ind1=" " ind2=" ">
   <subfield code="a">AR-BbBCA</subfield>
   <subfield code="b">BIB. AGRONOMIA</subfield>
   <subfield code="h">634.3</subfield>
   <subfield code="i">M858</subfield>
   <subfield code="p">1990/1534</subfield>
  </datafield>
 </record>
</collection>
